| 000 | 00000nas 2200000zi 4500 |
| 001 | 9.875127 |
| 003 | CaOODSP |
| 005 | 20240508101854 |
| 006 | m o d f |
| 007 | cr cn |||||||| |
| 008 | 190618c20149999oncar p o f0###a0eng|d |
| 022 | |a2562-6914 |
| 040 | |aCaOODSP|beng|erda|cCaOODSP |
| 043 | |an-cn--- |
| 086 | 1 |aF1-58/2E-PDF |
| 110 | 1 |aCanada. |bDepartment of Finance, |eauthor, |eissuing body |
| 222 | 0|aDepartment of Finance Canada annual report to Parliament on the administration of the Privacy Act … |
| 245 | 10|aDepartment of Finance Canada annual report to Parliament on the administration of the Privacy Act … |
| 246 | 13|aAnnual report to Parliament on the administration of the Privacy Act|f2015/2016- |
| 264 | 1|a[Ottawa] : |bDepartment of Finance Canada, |c[2014]- |
| 310 | |aAnnual |
| 336 | |atext|2rdacontent |
| 337 | |acomputer|2rdamedia |
| 338 | |aonline resource|2rdacarrier |
| 362 | 1 |aBegan with: 2013/2014. |
| 500 | |aIssued also in French under title: Rapport annuel au Parlement sur l'application de la Loi sur la protection des renseignements personnels. |
| 515 | |aIssues for 2013/2014-2017/2018 available in HTML only. |
| 588 | |aDescription based on: 2013/2014. |
| 588 | |aLatest issue consulted: 2018/2019. |
| 610 | 10|aCanada. |bDepartment of Finance|vPeriodicals. |
| 610 | 10|aCanada. |tPrivacy Act|vPeriodicals. |
| 650 | 0|aPrivacy, Right of|zCanada|vPeriodicals. |
| 655 | 7|aPeriodicals|2lcgft |
| 775 | 08|tMinistère des finances Canada, rapport annuel au Parlement sur l'application de la Loi sur la protection des renseignements personnels …|w(CaOODSP)9.875128 |
| 856 | 40|qHTML|sN/A|uhttps://www.canada.ca/en/department-finance/corporate/transparency/plans-performance.html#arp |